000
00322nam a22001337a 4500
008
181019b xxu||||| |||| 00| 0 eng d
020
_a
9781929007257
041
_a
eng
080
_a
618
100
_a
10
101
_a
GYN
245
_a
Netters Obstretrics Gynecology And Womens Health
_c
Smith.R.P
942
_2
udc
_c
BK
999
_c
50206
_d
50206